Pedagogía y metodología en la catequesis

Պահպանված է:
Մատենագիտական մանրամասներ
Համատեղ հեղինակ: Delegación Diocesana de Catequesis (Հեղինակ)
Ձևաչափ: Գիրք
Լեզու:իսպաներեն
Հրապարակվել է: Madrid Delegación Diocesana de Catequesis 2016
Հրատարակություն:1a. ed
Շարք:Formación de Catequistas
Խորագրեր:
Ցուցիչներ: Ավելացրեք ցուցիչ
Չկան պիտակներ, Եղեք առաջինը, ով նշում է այս գրառումը!

MARC

LEADER 00000cam a2200000 a 4500
001 UCC1162
003 CL-VaPUC
008 171006e20160000sp |||||||||||||||||spa|d
020 |a 9788428830065 
082 0 4 |a 268.6  |b DEL  |2 21 
110 2 |a Delegación Diocesana de Catequesis  |e author  |9 595207 
245 1 0 |a Pedagogía y metodología en la catequesis 
250 |a 1a. ed 
300 |a 143 p 
942 |c BK 
945 |d 20171006 11:09:00  |a dcastane 
260 |a Madrid  |b Delegación Diocesana de Catequesis  |c 2016 
650 7 |a CATEQUISTAS  |2 CL-VaPUC  |9 481683 
650 0 |a Catequesis  |9 314526 
650 7 |a PASTORAL CRISTIANA  |2 CL-VaPUC  |9 398048 
583 |a last modification  |c 20171006 11:09:00  |k Rodrigo Vera 
490 0 |a Formación de Catequistas 
999 |c 369734  |d 369732 
952 |0 0  |1 0  |3 erb  |4 0  |6 268_600000000000000_DEL_2016  |7 0  |8 A  |9 485723  |a BIBTEO  |b BIBTEO  |i 5427363  |l 1  |o 268.6 DEL 2016  |p 5427363  |r 2025-01-17  |s 2024-08-09  |w 2019-11-24  |y BK  |z Catalogado en:20171006  |k ICR